000 00300nam a2200097Ia 4500
005 20250424112858.0
008 250424s9999 xx 000 0 und d
300 _aviii, 81 p. :ill. ; 28 cm.
650 _aNigeria--Social policy--Periodicals. Nigeria--Politics and government--Periodicals.
942 _cSR
999 _c37667
_d37667